Online
Catalog

Lope de Aguirre : (Record no. 8393)

MARC details
000 -CABECERA
campo de control de longitud fija 00765cam a2200229 a 4500
001 - NÚMERO DE CONTROL
campo de control 000008623
005 - FECHA Y HORA DE LA ÚLTIMA TRANSACCIÓN
campo de control 20200929161356.0
008 - DATOS DE LONGITUD FIJA--INFORMACIÓN GENERAL
campo de control de longitud fija 791018s1985 cu 001 f spa
020 ## - NÚMERO INTERNACIONAL ESTÁNDAR DEL LIBRO
Número Internacional Estándar del Libro 8432203505
040 ## - FUENTE DE LA CATALOGACIÓN
Centro catalogador/agencia de origen DO-SdBNP
Centro/agencia modificador BNPHU
082 ## - NÚMERO DE LA CLASIFICACIÓN DECIMAL DEWEY
Número de clasificación V863.44
Número de documento/Ítem A284S
100 1# - ENTRADA PRINCIPAL--NOMBRE DE PERSONA
Nombre de persona Otero Silva, Miguel,
Numeración 1908-1985.
9 (RLIN) 23057
245 10 - MENCIÓN DE TÍTULO
Título Lope de Aguirre :
Resto del título principe de la libertad /
Mención de responsabilidad, etc. Miguel Otero Silva.
260 ## - PUBLICACIÓN, DISTRIBUCIÓN, ETC.
Lugar de publicación, distribución, etc. Cuba :
Nombre del editor, distribuidor, etc. Casa de las Américas,
Fecha de publicación, distribución, etc. 1985.
300 ## - DESCRIPCIÓN FÍSICA
Extensión 344 p. ;
Dimensiones 19 cm.
490 1# - MENCIÓN DE SERIE
Mención de serie La honda casa de las américas de Cuba
600 10 - PUNTO DE ACCESO ADICIONAL DE MATERIA--NOMBRE DE PERSONA
Nombre de persona AGUIRRE, LOPE DE,
Fechas asociadas al nombre 1510-1561
9 (RLIN) 13665
650 #4 - PUNTO DE ACCESO ADICIONAL DE MATERIA--TÉRMINO DE MATERIA
Término de materia o nombre geográfico como elemento de entrada Novela venezolana
9 (RLIN) 3962
650 #4 - PUNTO DE ACCESO ADICIONAL DE MATERIA--TÉRMINO DE MATERIA
Término de materia o nombre geográfico como elemento de entrada Literatura venezolana
9 (RLIN) 3816
830 #0 - PUNTO DE ACCESO ADICIONAL DE SERIE-TÍTULO UNIFORME
Título uniforme La honda casa de las américas de Cuba.
9 (RLIN) 23058
910 ## - DATOS DE OPCIÓN DEL USUARIO (OCLC)
Datos de opción del usuario Catalogación derivada
Holdings
Estado de retiro Estado de pérdida Restricciones de uso No para préstamo Código de colección Localización permanente Ubicación/localización actual Ubicación en estantería Fecha de adquisición Número de inventario Total de préstamos Signatura topográfica completa Código de barras Fecha visto por última vez Precio válido a partir de Tipo de ítem Koha
    Préstamo interno   Monografías: Libros y Folletos General General En catalogación 17.09.2009 LF1   V863.44 A284S 8623-10 25.06.2020 25.06.2020 Préstamo interno

Powered by Koha